Sociální ekonomika a integrační sociální podniky pro osoby starší 50 let

Výsledky prieskumu, ktorý odpovedá na otázku, do akej miery sú integračné sociálne podniky v Českej republike zamerané aj na ľudí staršie ako 50 rokov. Sektor sociálnej ekonomiky je v Českej republike relatívne nový, rovnako ako jeho subjekty - sociálne podniky. Sektor sociálneho podnikania sa však...

Ausführliche Beschreibung

Gespeichert in:
Bibliographische Detailangaben
1. Verfasser: Dohnalová, Marie
Weitere Verfasser: Legnerová, Kateřina
Format: Buchkapitel
Sprache:Tschechisch
Schlagworte:
Tags: Tag hinzufügen
Keine Tags, Fügen Sie das erste Tag hinzu!

MARC

LEADER 00000naa a2200000 4500
001 0305675
005 20241217135602.0
041 0 |a cze 
044 |a CZ 
245 1 0 |a Sociální ekonomika a integrační sociální podniky pro osoby starší 50 let  |c Marie Dohnalová, Kateřina Legnerová 
520 |a Výsledky prieskumu, ktorý odpovedá na otázku, do akej miery sú integračné sociálne podniky v Českej republike zamerané aj na ľudí staršie ako 50 rokov. Sektor sociálnej ekonomiky je v Českej republike relatívne nový, rovnako ako jeho subjekty - sociálne podniky. Sektor sociálneho podnikania sa však stal významnou súčasťou registrovaných sociálnych podnikov uvedených v Českej republike. Problematika zamestnávania ľudí 50+ je v Českej republike dlhodobo podceňovaná zo strany štátu aj zamestnávateľov. Nie sú využívané ani príležitosti, ktoré môžu sociálne podniky ponúknuť. Stále neexistuje relevantná legislatíva týkajúca sa integračných sociálnych podnikov a informovanosť o nich je vo všeobecnosti nízka. Túto situáciu by mal zlepšiť pripravovaný zákon o integračných sociálnych podnikoch. 
610 2 0 |a ekonomika sociálna 
610 2 0 |a zamestnanosť 
610 2 0 |a skupiny cieľové 
610 2 0 |a podnik sociálny 
610 2 0 |a integrácia 
610 2 0 |a Česko 
100 1 |a Dohnalová, Marie 
700 1 |a Legnerová, Kateřina